[Event "Carballo Xiria"]
[Site "Carballo"]
[Date "2023.08.24"]
[Round "7"]
[White "Cacheiro Blanco, Diego"]
[Black "Petkov, Vladimir"]
[Result "0-1"]
[WhiteElo "2343"]
[BlackElo "2448"]
[PlyCount "81"]
[EventDate "2023.08.21"]
[EventType "tourn"]
[EventRounds "9"]
[EventCountry "ESP"]
[EventCategory "6"]
[SourceTitle "CBM 215 Extra"]
[Source "ChessBase"]
[SourceDate "2023.09.30"]
[SourceVersion "1"]
[SourceVersionDate "2023.09.30"]
[SourceQuality "1"]

1. e4 e5 2. Nf3 Nc6 3. Bb5 a6 4. Ba4 Nf6 5. 0-0 b5 6. Bb3 Bc5 7. a4 Rb8 8. c3 d6 9. d4 Bb6 10. a5 Ba7 11. h3 0-0 12. Be3 exd4 13. cxd4 d5 14. e5 Ne4 15. Nc3 Nb4 16. Nd2 Bf5 17. f4 Nc5 18. dxc5 d4 19. Nde4 dxe3 20. Qe2 Qd3 21. Ng3 Qxe2 22. Ncxe2 Bd3 23. Rfd1 Rfd8 24. e6 fxe6 25. Bxe6+ Kf8 26. Bf5 Bxc5 27. Rac1 Bc4 28. Rxd8+ Rxd8 29. b3 Na2 30. Rc2 Rd1+ 31. Kh2 Nb4 32. Rc3 Bxe2 33. Nxe2 Rd2 34. Ng3 Bd4 35. Rxc7 e2 36. Rc8+ Kf7 37. Rc7+ Kf6 38. Bxh7 e1Q 39. Ne4+ Ke6 40. Bg8+ Kf5 41. Bh7+ 0-1

[Event "Carballo Xiria"]
[Site "Carballo"]
[Date "2023.08.23"]
[Round "5"]
[White "Cacheiro Blanco, Diego"]
[Black "Delgado Ramirez, Neuris"]
[Result "0-1"]
[WhiteElo "2343"]
[BlackElo "2558"]
[PlyCount "78"]
[EventDate "2023.08.21"]
[EventType "tourn"]
[EventRounds "9"]
[EventCountry "ESP"]
[EventCategory "6"]
[SourceTitle "CBM 215 Extra"]
[Source "ChessBase"]
[SourceDate "2023.09.30"]
[SourceVersion "1"]
[SourceVersionDate "2023.09.30"]
[SourceQuality "1"]

1. e4 e5 2. Nf3 Nc6 3. Bb5 a6 4. Ba4 Nge7 5. 0-0 Ng6 6. c3 d5 7. exd5 Qxd5 8. Bb3 Qd3 9. Bc2 Qd6 10. Re1 Be7 11. a4 Be6 12. b4 Bd5 13. Na3 Qf6 14. Be4 Bxe4 15. Rxe4 0-0 16. d3 Qd6 17. Nc4 Qd5 18. Ne3 Qd7 19. Nc4 f6 20. Bb2 b5 21. Na3 Nf4 22. Ne1 Rab8 23. axb5 axb5 24. g3 f5 25. Re3 Nh3+ 26. Kg2 f4 27. Re2 Ng5 28. f3 fxg3 29. hxg3 Qh3+ 30. Kf2 Nxf3 31. Nxf3 Rxf3+ 32. Kxf3 Rf8+ 33. Ke4 Qf5+ 34. Kd5 Rd8+ 35. Kxc6 Qd7+ 36. Kb7 c6+ 37. Ka6 Ra8+ 38. Kb6 Bd8+ 39. Kc5 Qd5# 0-1

[Event "Carballo Xiria"]
[Site "Carballo"]
[Date "2023.08.23"]
[Round "4"]
[White "Veiga, Jose Francisco RP"]
[Black "Cacheiro Blanco, Diego"]
[Result "0-1"]
[WhiteElo "2389"]
[BlackElo "2343"]
[PlyCount "120"]
[EventDate "2023.08.21"]
[EventType "tourn"]
[EventRounds "9"]
[EventCountry "ESP"]
[EventCategory "6"]
[SourceTitle "CBM 215 Extra"]
[Source "ChessBase"]
[SourceDate "2023.09.30"]
[SourceVersion "1"]
[SourceVersionDate "2023.09.30"]
[SourceQuality "1"]

1. e4 c5 2. Nf3 d6 3. Bb5+ Nd7 4. 0-0 a6 5. Bd3 Ngf6 6. Re1 e6 7. Bf1 b6 8. d4 cxd4 9. Nxd4 Bb7 10. f3 Be7 11. c4 0-0 12. Nc3 Rc8 13. Be3 Ne5 14. Qb3 Qc7 15. Rac1 Rfe8 16. Na4 Nfd7 17. Qd1 Bh4 18. g3 Bd8 19. b3 Qb8 20. Nc3 Nc6 21. Qd2 Nxd4 22. Bxd4 Ne5 23. Bg2 Ba8 24. a4 Bc7 25. Rcd1 Rcd8 26. Qb2 Bc6 27. Kh1 Qb7 28. f4 Ng6 29. Kg1 Nf8 30. Nd5 e5 31. Bc3 f6 32. f5 Nd7 33. g4 b5 34. axb5 axb5 35. Bf1 Bxd5 36. Rxd5 b4 37. Bd2 Bb6+ 38. Kh1 Bd4 39. Qc2 Nc5 40. g5 Qf7 41. Be2 Rd7 42. Rb1 Rb8 43. Bf3 Qe7 44. h4 Ra7 45. gxf6 gxf6 46. h5 Kh8 47. h6 Qf8 48. Qd1 Ra2 49. Bc1 Qg8 50. Rxd4 Qg3 51. Rb2 Qh3+ 52. Kg1 Rg8+ 53. Kf2 Qh2+ 54. Ke3 exd4+ 55. Kxd4 Qe5+ 56. Ke3 Rxb2 57. Bxb2 Qxb2 58. Qxd6 Qc3+ 59. Kf4 Qc1+ 60. Qd2 Qxd2# 0-1

[Event "Carballo Xiria"]
[Site "Carballo"]
[Date "2023.08.22"]
[Round "2"]
[White "Martinez Ramirez, Lennis"]
[Black "Cacheiro Blanco, Diego"]
[Result "1-0"]
[WhiteElo "2457"]
[BlackElo "2343"]
[PlyCount "91"]
[EventDate "2023.08.21"]
[EventType "tourn"]
[EventRounds "9"]
[EventCountry "ESP"]
[EventCategory "6"]
[SourceTitle "CBM 215 Extra"]
[Source "ChessBase"]
[SourceDate "2023.09.30"]
[SourceVersion "1"]
[SourceVersionDate "2023.09.30"]
[SourceQuality "1"]

1. Nf3 Nf6 2. c4 g6 3. b4 Bg7 4. Bb2 0-0 5. g3 Nc6 6. a3 e5 7. Bg2 d5 8. Nxe5 Nxe5 9. Bxe5 Re8 10. d4 dxc4 11. 0-0 Bh6 12. Bxf6 Qxf6 13. Nc3 c6 14. e3 Bg7 15. Rc1 Be6 16. b5 Bd7 17. a4 Rac8 18. Qc2 Qe7 19. Qa2 Qb4 20. bxc6 Bxc6 21. Bxc6 Rxc6 22. Rc2 Rec8 23. Rb1 Qe7 24. a5 Ra6 25. Nd5 Qe4 26. Rb5 Rac6 27. Nc3 Qe7 28. Qb1 Rb8 29. Rcb2 h5 30. h4 Qd8 31. Qe4 Re6 32. Rxb7 Rxb7 33. Qxb7 Qxa5 34. Qc8+ Kh7 35. Qxc4 Qf5 36. Kg2 Re8 37. Qd5 Qd3 38. Ne2 Re7 39. Nf4 Qa3 40. Rb8 a5 41. Nxh5 Ra7 42. Nxg7 Kxg7 43. Qd8 f6 44. Qh8+ Kf7 45. Qg8+ Ke7 46. Qf8+ 1-0

[Event "Titled Tuesday intern op 18th Jul Early"]
[Site "Chess.com INT"]
[Date "2023.07.18"]
[Round "6"]
[White "Floresvillar Gonzalez, Luis Miguel"]
[Black "Cacheiro Blanco, Diego"]
[Result "0-1"]
[WhiteElo "2019"]
[BlackElo "2286"]
[PlyCount "108"]
[EventDate "2023.07.18"]
[EventType "swiss (blitz)"]
[EventRounds "11"]
[EventCountry "USA"]
[SourceTitle "EXT 2024"]
[Source "ChessBase"]
[SourceDate "2023.10.10"]
[SourceVersion "1"]
[SourceVersionDate "2023.10.10"]
[SourceQuality "1"]

1. c4 Nf6 2. Nc3 g6 3. g3 Bg7 4. Bg2 0-0 5. d4 d6 6. Bg5 Nbd7 7. Qd2 c5 8. d5 a6 9. Bh6 Ne5 10. Bxg7 Kxg7 11. b3 b5 12. cxb5 axb5 13. Nxb5 Ba6 14. Nc3 Qb6 15. Nf3 Nxf3+ 16. Bxf3 c4 17. bxc4 Bxc4 18. 0-0 Ra3 19. Rfc1 Qa5 20. Qd4 Bxa2 21. Nxa2 Rxa2 22. Rxa2 Qxa2 23. Ra1 Qc2 24. Ra7 Re8 25. Kg2 Qf5 26. h4 h5 27. Rc7 Qe5 28. Qxe5 dxe5 29. Ra7 e4 30. d6 exf3+ 31. exf3 exd6 32. f4 Rd8 33. Kf3 d5 34. Ke2 d4 35. f3 Re8+ 36. Kd3 Re3+ 37. Kxd4 Rxf3 38. f5 Rxf5 39. Ra3 Ng4 40. Ke4 Re5+ 41. Kf4 Kf6 42. Ra6+ Re6 43. Ra7 Ne5 44. Rb7 Nd3+ 45. Kf3 Nc5 46. Ra7 Ne4 47. Kf4 g5+ 48. hxg5+ Nxg5 49. g4 Re4+ 50. Kg3 Rxg4+ 51. Kh2 h4 52. Ra6+ Kg7 53. Ra7 Nf3+ 54. Kh3 Rg3# 0-1

[Event "Carballo Concello 5th"]
[Site "Carballo"]
[Date "2022.08.28"]
[Round "3"]
[White "Petkov, Vladimir"]
[Black "Cacheiro Blanco, Diego"]
[Result "1/2-1/2"]
[WhiteElo "2473"]
[BlackElo "2047"]
[PlyCount "128"]
[EventDate "2022.08.26"]
[EventType "swiss"]
[EventRounds "9"]
[EventCountry "ESP"]
[SourceTitle "EXT 2023"]
[Source "ChessBase"]
[SourceDate "2022.10.05"]
[SourceVersion "1"]
[SourceVersionDate "2022.10.05"]
[SourceQuality "1"]

1. Nf3 Nf6 2. c4 g6 3. b3 Bg7 4. Bb2 0-0 5. g3 c5 6. Bg2 d6 7. 0-0 e5 8. Nc3 Nc6 9. Ne1 Be6 10. Nd5 Nh5 11. Nc2 f5 12. f4 Rb8 13. Rb1 Qd7 14. d3 a6 15. e3 b5 16. Ne1 Nf6 17. Qd2 Rbe8 18. Nxf6+ Bxf6 19. Nf3 h6 20. d4 exd4 21. exd4 cxd4 22. Nxd4 Nxd4 23. Bxd4 bxc4 24. Bxf6 Rxf6 25. Qd4 Rf7 26. bxc4 Qa7 27. Qxa7 Rxa7 28. Rfe1 Kf7 29. Rb6 Bxc4 30. Rxe8 Kxe8 31. Rxd6 Kf7 32. Bd5+ Bxd5 33. Rxd5 Rb7 34. Ra5 Rb6 35. a4 Ke7 36. Kf2 Re6 37. h3 h5 38. g4 hxg4 39. hxg4 fxg4 40. Kg3 Kf6 41. Kxg4 Rc6 42. Kf3 Re6 43. Rc5 Ke7 44. Kg4 Kd6 45. Ra5 Kc7 46. Kg5 Kb6 47. Rd5 a5 48. Rb5+ Ka6 49. Rb3 Re4 50. Rf3 Re6 51. Rd3 Kb6 52. Rb3+ Ka6 53. Rb8 Re4 54. Rf8 Rxa4 55. Kxg6 Kb5 56. f5 Rf4 57. f6 a4 58. f7 a3 59. Ra8 Kb4 60. Ra6 Rxf7 61. Kxf7 Kb3 62. Ke6 a2 63. Kd5 Kb2 64. Rxa2+ Kxa2 1/2-1/2

[Event "ESP-ch States U14"]
[Site "Isla"]
[Date "2022.06.23"]
[Round "2"]
[White "Burgui Bueno, Juan"]
[Black "Cacheiro Blanco, Diego"]
[Result "1/2-1/2"]
[WhiteElo "1547"]
[BlackElo "1929"]
[PlyCount "120"]
[EventDate "2022.06.23"]
[EventType "swiss"]
[EventRounds "6"]
[EventCountry "ESP"]
[SourceTitle "EXT 2023"]
[Source "ChessBase"]
[SourceDate "2022.10.05"]
[SourceVersion "1"]
[SourceVersionDate "2022.10.05"]
[SourceQuality "1"]

1. c4 Nf6 2. Nf3 g6 3. g3 Bg7 4. Bg2 0-0 5. 0-0 c5 6. Nc3 Nc6 7. e3 d6 8. d3 e5 9. b3 e4 10. Ne1 Bf5 11. Bb2 Re8 12. Qe2 d5 13. cxd5 Nb4 14. dxe4 Nxe4 15. Nxe4 Bxe4 16. Bxe4 Bxb2 17. Qxb2 Rxe4 18. Rd1 Qd6 19. Nf3 Nxd5 20. Ng5 Re5 21. Nf3 Ree8 22. Rd2 Qc6 23. Ne5 Qe6 24. Nc4 b5 25. Rfd1 Rad8 26. Na3 a6 27. Qc2 Qc6 28. Qb2 Rd7 29. Nb1 b4 30. Rd3 Red8 31. e4 Nb6 32. Rxd7 Rxd7 33. Rxd7 Qxd7 34. Qd2 Qxd2 35. Nxd2 Kf8 36. Kf1 f5 37. Ke2 Ke7 38. Kd3 Kd7 39. e5 Ke6 40. Nc4 Nd5 41. f4 h6 42. h4 Nc3 43. Nd6 Nxa2 44. Kc4 Nc1 45. Nb7 Ne2 46. Nxc5+ Ke7 47. Nxa6 Nxg3 48. Nxb4 Ne4 49. Nd5+ Ke6 50. b4 Nd2+ 51. Kc5 Nb3+ 52. Kc6 Nd4+ 53. Kc5 Nb3+ 54. Kc4 Nd2+ 55. Kd3 Ne4 56. Kc4 Nd2+ 57. Kc5 Nb3+ 58. Kc6 Nd4+ 59. Kc5 Nb3+ 60. Kc6 Nd4+ 1/2-1/2

[Event "Padron Pre-Mundial U12"]
[Site "Padron"]
[Date "2018.09.07"]
[Round "7"]
[White "Cacheiro Blanco, Diego"]
[Black "Larranaga Juaristi, Alexander"]
[Result "1-0"]
[WhiteElo "1409"]
[BlackElo "1545"]
[PlyCount "81"]
[EventDate "2018.09.03"]
[EventType "swiss"]
[EventRounds "9"]
[EventCountry "ESP"]
[SourceTitle "EXT 2024"]
[Source "ChessBase"]
[SourceDate "2023.10.10"]
[SourceVersion "1"]
[SourceVersionDate "2023.10.10"]
[SourceQuality "1"]

1. e4 c5 2. Nf3 Nc6 3. d4 cxd4 4. Nxd4 g6 5. c4 Bg7 6. Be3 Nf6 7. Nc3 0-0 8. Be2 d6 9. 0-0 Bd7 10. Qd2 Ng4 11. Nxc6 bxc6 12. Bd4 e5 13. Be3 Nxe3 14. Qxe3 Be6 15. Rfd1 Qc7 16. c5 dxc5 17. Qxc5 Rab8 18. b3 Rfd8 19. Nd5 Bxd5 20. exd5 Rb6 21. Rac1 Rc8 22. Bf3 f5 23. d6 Qd7 24. Bd5+ Kh8 25. Qc4 Qxd6 26. Be6 Qc7 27. Bxc8 Qxc8 28. Qd3 Rb8 29. Qd7 Qf8 30. Rxc6 Bf6 31. Rc7 Bg7 32. Qf7 Qxf7 33. Rxf7 a5 34. Ra7 e4 35. Rxa5 Rc8 36. g3 h6 37. Rd6 Kh7 38. Ra7 h5 39. Rdd7 Rg8 40. a4 Kh6 41. Rxg7 1-0

[Event "Padron Pre-Mundial U12"]
[Site "Padron"]
[Date "2018.09.05"]
[Round "5"]
[White "Cacheiro Blanco, Diego"]
[Black "Borrajo Pineiro, Xabier"]
[Result "1/2-1/2"]
[WhiteElo "1409"]
[BlackElo "1115"]
[PlyCount "67"]
[EventDate "2018.09.03"]
[EventType "swiss"]
[EventRounds "9"]
[EventCountry "ESP"]
[SourceTitle "EXT 2024"]
[Source "ChessBase"]
[SourceDate "2023.10.10"]
[SourceVersion "1"]
[SourceVersionDate "2023.10.10"]
[SourceQuality "1"]

1. e4 c6 2. d4 d5 3. Nc3 dxe4 4. Nxe4 Bf5 5. Ng3 Bg6 6. h4 h6 7. h5 Bh7 8. Nf3 Nd7 9. Bd3 Bxd3 10. Qxd3 e6 11. Bf4 Ngf6 12. 0-0-0 Qb6 13. Ne4 Nxe4 14. Qxe4 Rd8 15. c3 Nf6 16. Qb1 Be7 17. Ne5 Bd6 18. Be3 Qc7 19. Nc4 Bf4 20. Qd3 0-0 21. Rh4 Bxe3+ 22. Qxe3 Rd5 23. Ne5 Qe7 24. Rh3 Nd7 25. f4 Nxe5 26. fxe5 f6 27. exf6 Qxf6 28. Rf3 Qg5 29. Rxf8+ Kxf8 30. Re1 Qxe3+ 31. Rxe3 Ke7 32. g4 Kf6 33. Re4 e5 34. Kd2 1/2-1/2